• 首页
  • 本馆介绍
  • 公告通知
  • 最新文献
  • 馆藏检索
  • 电子资源
  • 读者导购
  • 参考咨询
  • 我的图书馆
  • 登录
  • 详细信息显示
  • 放入我的书架
  • 预约/预借图书
  • 作者相关作品
  • 分类相关作品
  • 丛书相关作品
  • 出版社相关作品

书目信息

  • 表格格式
  • 工作单格式
  • 卡片格式
题名:
上奏与召对
    
 
作者: 张群 著
分册:  
出版信息: 上海   上海人民出版社  2011.10
页数: 157页
开本: 24cm
丛书名: 法律·社会·历史文丛
单 册:
中图分类: D691.2
科图分类:
主题词: 政治制度--研究--中国--古代 , 政治制度
电子资源:
ISBN: 978-7-208-10202-6
000 01080oam2 2200277 450
001 010700114844
005 20120612085112.03
010    @a978-7-208-10202-6@dCNY25.00
100    @a20111129d2011 em y0chiy0110 ea
101 0  @achi
102    @aCN@b310000
105    @ay z 000yy
106    @ar
200 1  @a上奏与召对@9shang zou yu zhao dui@e中国古代决策规则和程序研究@f张群著
210    @a上海@c上海人民出版社@d2011.10
215    @a157页@d24cm
225 1  @a法律·社会·历史文丛@f李秀清主编
300    @a上海市人文社科基地华东政法大学外国法与比较法研究院项目(基地编号:SJ0709)以及国家重点学科华东政法大学法律史学科建设项目(学科代码:030102)资助
330    @a本书共分四章,内容包括:上书奏事、召对奏事、垂帘听政及其他、“用兵之妙,存乎一心”——中国古代军事决策规则和程序。
517 1  @a中国古代决策规则和程序研究@9zhong guo gu dai jue ce gui ze he cheng xu yan jiu
606 0  @a政治制度@x研究@y中国@z古代
606 0  @a政治制度
690    @aD691.2@v4
701  0 @a张群@9zhang qun@f(1978~)@4著
801  0 @aCN@bNLC@c20120217
905    @b539459-63@dD691.2@e157@f5
    
    上奏与召对:中国古代决策规则和程序研究/张群著.-上海:上海人民出版社,2011.10
    157页;24cm.-(法律·社会·历史文丛/李秀清主编)
    上海市人文社科基地华东政法大学外国法与比较法研究院项目(基地编号:SJ0709)以及国家重点学科华东政法大学法律史学科建设项目(学科代码:030102)资助
    
    ISBN 978-7-208-10202-6:CNY25.00
    本书共分四章,内容包括:上书奏事、召对奏事、垂帘听政及其他、“用兵之妙,存乎一心”——中国古代军事决策规则和程序。
●
相关链接 在E读中查询图书 在五车中查询图书 在当当中查询图书 在豆瓣中查询图书


正题名:上奏与召对     索取号:D691.2/157         预约/预借

序号 登录号 条形码 馆藏地/架位号 状态 备注
1 539459   205394599   第一样本阅览室/ [索取号:D691.2/157] 在馆    
2 539460   205394606   第一借阅区/ [索取号:D691.2/157] 在馆    
3 539461   205394615   第一借阅区/ [索取号:D691.2/157] 在馆    
4 539462   205394624   第一借阅区/ [索取号:D691.2/157] 在馆    
5 539463   205394633   第一借阅区/ [索取号:D691.2/157] 在馆    
唐山师范学院图书馆 欢迎您!
大连网信软件有限公司© 版权所有